000 00631nam a2200157 4500
999 _c15818
_d15818
008 201214b ||||| |||| 00| 0 eng d
022 _a10422587
082 _aDPer 658.405 En86 2012 v. 36, n.4
100 _aMarlow, Susan.
_942660
245 _aAnalyzing the influence of gender upon high technology venturing within the context of business incubation/
_b
_cSusan Marlow and Maura McAdam.
260 _aHoboken, NJ:
_bWiley Subscription Services, Inc.,
_c©2012.
300 _aVol 36 N4, 655-676 pages:
_billustrations;
_c25 cm.
650 _aSex role
_xBusiness.
_942656
700 _aMcAdam, M.
_eAuthor.
_942657
942 _2ddc
_cPER